00231nam a2200097Ia 4500020001900000100002400019245002400043942000800067008004100075999001700116 a9780192739858" aHUNT RODERICK91179 0aBIFF"S WONDER WORDS cBK 210805s9999 xx 000 0 und d c52780d52779